The Pennsylvania Railroad. (Record no. 16757)
[ view plain ]
| 000 -LEADER | |
|---|---|
| fixed length control field | 00638cam a22002291 4500 |
| 001 - CONTROL NUMBER | |
| control field | ca 31000091 |
| 003 - CONTROL NUMBER IDENTIFIER | |
| control field | DLC |
| 005 - DATE AND TIME OF LATEST TRANSACTION | |
| control field | 20260227111124.0 |
| 008 - FIXED-LENGTH DATA ELEMENTS--GENERAL INFORMATION | |
| fixed length control field | 820717s1930 nyua 000 0 eng |
| 010 ## - LIBRARY OF CONGRESS CONTROL NUMBER | |
| LC control number | ca 31000091 |
| 035 ## - SYSTEM CONTROL NUMBER | |
| System control number | (OCoLC)8608789 |
| 040 ## - CATALOGING SOURCE | |
| Original cataloging agency | DLC |
| Transcribing agency | OCoLC |
| Modifying agency | OCoLC |
| -- | DLC |
| 042 ## - AUTHENTICATION CODE | |
| Authentication code | premarc |
| 050 00 - LIBRARY OF CONGRESS CALL NUMBER | |
| Classification number | HE2791 |
| Item number | .P4 1930 |
| 082 ## - DEWEY DECIMAL CLASSIFICATION NUMBER | |
| Classification number | 385.0973 |
| 100 1# - MAIN ENTRY--PERSONAL NAME | |
| Personal name | Barriger, John W. |
| Fuller form of name | (John Walker), |
| Dates associated with a name | 1899-1976. |
| 245 14 - TITLE STATEMENT | |
| Title | The Pennsylvania Railroad. |
| 260 ## - PUBLICATION, DISTRIBUTION, ETC. | |
| Place of publication, distribution, etc. | [New York] |
| Name of publisher, distributor, etc. | C. Bullock |
| Date of publication, distribution, etc. | [c1930] |
| 300 ## - PHYSICAL DESCRIPTION | |
| Extent | 88 p. |
| Other physical details | illus. |
| Dimensions | 31 cm. |
| 500 ## - GENERAL NOTE | |
| General note | Signed by John W. Barriger, III. |
| 610 20 - SUBJECT ADDED ENTRY--CORPORATE NAME | |
| Corporate name or jurisdiction name as entry element | Pennsylvania Railroad. |
No items available.